000 00329nam a2200145Ia 4500
005 20251222151310.0
008 251222s9999||||xx |||||||||||||| ||spa||
020 _a9788493570149
082 _a980/G47
100 _aGiner Grima, Fernando
245 0 _aEl Debate:
250 _a1ra.ed.
264 _bRom Editores
942 _cLIB
999 _c23335
_d23335